| 000 | 02362cam a22004814i 4500 | ||
|---|---|---|---|
| 003 | PE-LiUPU | ||
| 005 | 20250731173516.0 | ||
| 008 | 150623s r 000 0 d | ||
| 020 | _a0664250742 | ||
| 035 | _a(Sirsi) i9780664250744 | ||
| 040 |
_aPE-LiUPU _bspa _cPE-LiUPU _erda |
||
| 049 | _aPRUA | ||
| 082 | 0 | 4 |
_a253.5 _bS76 _221 |
| 245 | 0 | 4 |
_aThe supervision of pastoral care / _ceditado por David A. Steere. |
| 264 | 1 |
_aLouisville, Kentucky : _bWestminster/John Knox, Press, _c1989. |
|
| 300 |
_a287 páginas ; _c23 centímetros |
||
| 336 |
_atext _2rdacontent |
||
| 337 |
_aunmediated _2rdamedia |
||
| 338 |
_avolume _2rdacarrier |
||
| 504 | _aBibliografía al final de cada capítulo. | ||
| 505 | 0 | _aClinical supervision in pastoral care. -Supervision among the helping prefessions. -A model for supervision. -Preparing yourself for supervision. -Working with clinical materials. -Life histories and narrative theology. -Student responses to clinical. -The self as instrument. -Supervising the counseling relationship. -Some aspects of live supervision. -Transference and countertransference in supervision. -Passivity in supervision. Gender issues in supervision. -The supervision of church volunteers. -Supervising teachers in a christian education program. An experiment in trainig supercisors for field education. | |
| 526 | _aSEG42 | ||
| 526 | _aSEG41 | ||
| 526 | _aSEG40 | ||
| 526 | _aSEG39 | ||
| 526 | _aP94 | ||
| 526 | _aP87 | ||
| 526 | _aP86 | ||
| 526 | _aP85 | ||
| 526 | _aP77 | ||
| 526 | _aP76 | ||
| 526 | _aP35 | ||
| 650 | 0 | 4 |
_aPsicología pastoral _xEstudio y enseñanza. |
| 700 | 1 |
_aSteere, Davis A., _eed. |
|
| 942 |
_2ddc _cBOOK |
||
| 949 |
_a253.07 S79 _wDEWEY _c1 _i41738 _lCCODEBUL1 _mBUL _r0 _sY _tBOOK _u2015-6-16 _xTEOLOGIA _zUNKNOWN _0COMPRA _o.STAFF. Colección General |
||
| 949 |
_a253.5 S76 _wDEWEY _c1 _i48091 _lCCODEBUL1 _mBUL _r0 _sY _tBOOK _u2015-6-24 _xTEOLOGIA _PP35 _0COMPRA _o.STAFF. Colección General |
||
| 994 |
_aC0 _bPEPRU |
||
| 596 | _a1 | ||
| 999 |
_a253.07 S79 _wDEWEY _c59408 _i41738 _f2019-12-10 _g4 _lDISCARD _mBUL _r0 _sY _tBOOK _u2015-6-16 _xTEOLOGIA _zUNKNOWN _0COMPRA _o.STAFF. Colección General _d59408 |
||
| 999 |
_a253.5 S76 _wDEWEY _c1 _i48091 _f2021-11-10 _g5 _lCCODEBUL1 _mBUL _r0 _sY _tBOOK _u2015-6-24 _xTEOLOGIA _PP35 _0COMPRA _o.STAFF. Colección General |
||
| 980 |
_81 _gALBERTO SANCHEZ Responsable de Automatización |
||